000 00844nam a2200301 a 4500
003 AR-BaBNM
005 20251128203946.0
008 082120s2002 ||||||||||||||000 | spa||
020 _a84-7509-072-9
040 _cAR-BaBNM
100 1 _aCapon, Jack J.
245 0 0 _aDesarrollo perceptivomotor
_bactividades de equilibrio
_n3
250 _a1ª ed.
260 _aBarcelona
_bPaidós
_c1983
300 _a39 p.
_bil.
490 0 _aPsicomotricidad y educación física
_vv. 8
500 _aPertenece a la Biblioteca de Educacion Física
650 4 _aDESARROLLO MOTOR
650 4 _aPERCEPCION
650 4 _aDESTREZAS PSICOMOTRICES
650 4 _aEJERCICIOS FISICOS
650 4 _aPSICOMOTRICIDAD
650 4 _aEDUCACION FISICA
650 4 _aACTIVIDADES DEPORTIVAS
653 _aEDUCACION PRIMARIA
942 _cBK
998 _cMarce
999 _c5615
_d5615